LIBRARY & INFORMATION CENTRE, KCAET, TAVANUR

ONLINE PUBLIC ACCESS CATALOGUE (OPAC)

Elementary Engineering Drawing (Record no. 11346)

MARC details
000 -LEADER
fixed length control field 00250cam a2200121ua 4500
082 ## - DEWEY DECIMAL CLASSIFICATION NUMBER
Classification number 604.2
Item number BHA/EL
100 ## - MAIN ENTRY--AUTHOR NAME
Personal name Bhatt, N D.
245 ## - TITLE STATEMENT
Title Elementary Engineering Drawing
250 ## - EDITION STATEMENT
Edition statement 6 /
300 ## - PHYSICAL DESCRIPTION
Number of Pages ; .

No items available.

free website counter